MARC details
| 000 -CABECERA |
| campo de control de longitud fija |
02044nam a2200337 a 4500 |
| 001 - NÚMERO DE CONTROL |
| campo de control |
000002924 |
| 005 - FECHA Y HORA DE LA ÚLTIMA TRANSACCIÓN |
| campo de control |
20250716133206.0 |
| 008 - DATOS DE LONGITUD FIJA--INFORMACIÓN GENERAL |
| campo de control de longitud fija |
090706s1999 dr a s001 0 spa d |
| 040 ## - FUENTE DE LA CATALOGACIÓN |
| Centro catalogador/agencia de origen |
DO-SdBNP |
| Lengua de catalogación |
spa |
| Centro/agencia transcriptor |
BNPHU |
| 082 ## - NÚMERO DE LA CLASIFICACIÓN DECIMAL DEWEY |
| Número de clasificación |
307.72097293 |
| Número de documento/Ítem |
C961q |
| 245 00 - MENCIÓN DE TÍTULO |
| Título |
Cuando se quiere se puede : |
| Resto del título |
proceso de sistematización de experiencia social / |
| Mención de responsabilidad, etc. |
prólogo Paolo Oberti. |
| 260 ## - PUBLICACIÓN, DISTRIBUCIÓN, ETC. |
| Lugar de publicación, distribución, etc. |
Santo Domingo : |
| Nombre del editor, distribuidor, etc. |
Programa de Desarrollo Humano Sostenible Local, |
| Fecha de publicación, distribución, etc. |
1999. |
| 300 ## - DESCRIPCIÓN FÍSICA |
| Extensión |
218 p. : |
| Otras características físicas |
il. ; |
| Dimensiones |
23 cm. |
| 500 ## - NOTA GENERAL |
| Nota general |
Incluye índice |
| 505 0# - NOTA DE CONTENIDO CON FORMATO |
| Nota de contenido con formato |
Descripción de la experiencia -- ¿Por qué y para qué? Importancia de sistematizar la experiencia social del PDHSL -- Metodología de la sistematización -- Análisis de la experiencia social del PDHSL -- Conclusiones y sugerencias generales del proceso de sistematización -- Anexos -- Programas de los Seminarios --Talleres del proceso de sistematición de la experiencia social del PDHSL, Subregión Enriquillo -- Encuesta aplicada a personas pertenecientes a organizaciones de la Subregión Enriquillo -- Entrevistas sobre el PDHSL, Subregión Enriquillo. |
| 590 ## - NOTA LOCAL (RLIN) |
| Nota local |
Inventariado,2018/DG |
| 650 #4 - PUNTO DE ACCESO ADICIONAL DE MATERIA--TÉRMINO DE MATERIA |
| Término de materia o nombre geográfico como elemento de entrada |
Desarrollo de la comunidad |
| Subdivisión geográfica |
República Dominicana |
| -- |
Subregion Enriquillo |
| 9 (RLIN) |
9283 |
| 650 #4 - PUNTO DE ACCESO ADICIONAL DE MATERIA--TÉRMINO DE MATERIA |
| Término de materia o nombre geográfico como elemento de entrada |
Desarrollo rural |
| Subdivisión geográfica |
República Dominicana |
| -- |
Subregión Enriquillo |
| 9 (RLIN) |
9284 |
| 650 #4 - PUNTO DE ACCESO ADICIONAL DE MATERIA--TÉRMINO DE MATERIA |
| Término de materia o nombre geográfico como elemento de entrada |
Participación social |
| Subdivisión geográfica |
República Dominicana |
| -- |
Subregion Enriquillo |
| 9 (RLIN) |
9285 |
| 650 #4 - PUNTO DE ACCESO ADICIONAL DE MATERIA--TÉRMINO DE MATERIA |
| Término de materia o nombre geográfico como elemento de entrada |
Asistencia técnica |
| 9 (RLIN) |
9286 |
| 650 #0 - PUNTO DE ACCESO ADICIONAL DE MATERIA--TÉRMINO DE MATERIA |
| Término de materia o nombre geográfico como elemento de entrada |
Sociología rural |
| 9 (RLIN) |
9287 |
| 651 #4 - PUNTO DE ACCESO ADICIONAL DE MATERIA--NOMBRE GEOGRÁFICO |
| Nombre geográfico |
República Dominicana |
| Subdivisión general |
Participación Ciudadana |
| 9 (RLIN) |
9288 |
| 650 #0 - PUNTO DE ACCESO ADICIONAL DE MATERIA--TÉRMINO DE MATERIA |
| Término de materia o nombre geográfico como elemento de entrada |
Acción social |
| 9 (RLIN) |
9289 |
| 650 #0 - PUNTO DE ACCESO ADICIONAL DE MATERIA--TÉRMINO DE MATERIA |
| Término de materia o nombre geográfico como elemento de entrada |
Problemas sociales |
| 9 (RLIN) |
9290 |
| 700 1# - PUNTO DE ACCESO ADICIONAL--NOMBRE DE PERSONA |
| Nombre de persona |
Oberti, Paolo |
| 9 (RLIN) |
9291 |
| 710 2# - PUNTO DE ACCESO ADICIONAL--NOMBRE DE ENTIDAD CORPORATIVA |
| Nombre de entidad corporativa o nombre de jurisdicción como elemento de entrada |
Programa de Desarrollo Humano Sostenible Local (República Dominicana) |
| 9 (RLIN) |
9292 |
| 710 1# - PUNTO DE ACCESO ADICIONAL--NOMBRE DE ENTIDAD CORPORATIVA |
| Nombre de entidad corporativa o nombre de jurisdicción como elemento de entrada |
República Dominicana. |
| Unidad subordinada |
Oficina Nacional de Planificación |
| 9 (RLIN) |
9293 |
| 710 2# - PUNTO DE ACCESO ADICIONAL--NOMBRE DE ENTIDAD CORPORATIVA |
| Nombre de entidad corporativa o nombre de jurisdicción como elemento de entrada |
Programa de las Naciones Unidas para el Desarrollo |
| 9 (RLIN) |
187 |
| 710 2# - PUNTO DE ACCESO ADICIONAL--NOMBRE DE ENTIDAD CORPORATIVA |
| Nombre de entidad corporativa o nombre de jurisdicción como elemento de entrada |
Oficina de Servicios para Proyectos de las Naciones Unidas |
| 9 (RLIN) |
9294 |
| 910 ## - DATOS DE OPCIÓN DEL USUARIO (OCLC) |
| Datos de opción del usuario |
Validado. Control de calidad. MMOLINA |